000 02329cam a2200409 4500
001 ##L131709
002 ##9238
008 051130n2006 000 0 eng u
035 _a(Sirsi) u131709
041 0 _aeng
050 0 4 _a690.25 $2 18
100 1 _aParrett, Mike
245 0 0 _aMike Parrett's guide to building pathology
_blaw and litigation
_h[video recording]
260 _aLondon
_bLimelite Media
_c2006
300 _a1 DVD (ca. 90 min.)
350 _a59.49
490 0 _aMike Parrett's Guide to Building Pathology
505 1 _aLandlord and Tenant Act 1985 s11 -- Defective Premises Act 1972 s4 -- The causal link - "London Borough of Southwark v McIntosh" (ChD, Abs65160) -- Statutory nuisance - Environmental Protection Act 1990 - "Birmingham DC v Kelly" ([1985] 17 HLR 572) -- Housing Act 2004 -- Home inspector ethos - assessment of risk -- The hospital case - a case of negligence? Latent Damages Act 1986 - "Cavalier v Pope" ([1906] AC 428) -- Damages and compensation - "Wallace v Manchester City Council" ([1998] 41 EG 223), "Shine v English Churches Housing Group" ([2004] EWCA Civ 434) -- Landlord and Tenant Act 1985 s17 -- Civil Procedure Rules 1998 - single joint experts -- Defending a claim - Landlord and Tenant Act 1985 s11(3) - breach of covenant to give quiet enjoyment -- Submission of evidence - standards of proof in civil and criminal actions -- Interim injunctions - "Parker v LB of Camden" (Times, 1 April 1985) -- Penal notices -- The importance of pathology -- Decent Homes Initiative
520 _aThis DVD discusses current legislation and case law relating to building pathology.
650 2 4 _aLANDLORD AND TENANT ACT 1985 S11
650 2 4 _aLANDLORD AND TENANT ACT 1985 S17
650 2 4 _aDEFECTIVE PREMISES ACT 1972 S4
650 2 4 _aSOUTHWARK LBC V MCINTOSH
650 2 4 _aENVIRONMENTAL PROTECTION ACT 1990
650 2 4 _aBIRMINGHAM DC V KELLY
650 2 4 _aHOUSING ACT 2004
650 2 4 _aLATENT DAMAGES ACT 1986
650 2 4 _aCAVALIER V POPE
650 2 4 _aWALLACE V MANCHESTER CITY COUNCIL
650 2 4 _aENGLISH CHURCHES HOUSING GROUP V SHINE
650 2 4 _aCIVIL PROCEDURE RULES 1998
650 2 4 _aPARKER V CAMDEN LBC
650 2 4 _aDCLG DECENT HOMES STANDARD
651 4 _aEngland
_y886-
690 _aBUILT ENVIRONMENT-BUILDING PATHOLOGY
942 _n0
999 _c104810
_d104810